000
00280nam a2200109Ia 4500
008
190914s9999||||xx |||||||||||||| ||und||
100
_a
Govt Finance Division
245
0
_a
Pakistan Economic Survey 2003-04
260
_a
Islamabad
_b
Govt Finance
_c
1997
300
_a
432
942
_c
BK
999
_c
8651
_d
8651